Paz en la guerra

Uloženo v:
Podrobná bibliografie
Hlavní autor: Unamuno, Miguel de (Autor)
Médium: Kniha
Jazyk:španělština
Vydáno: Madrid Renacimiento 1931
Vydání:3a. ed
Témata:
Tagy: Přidat tag
Žádné tagy, Buďte první, kdo vytvoří štítek k tomuto záznamu!

MARC

LEADER 00000nam a2200000 a 4500
001 UCZ5028
003 CL-VaPUC
008 951116e19310000SP |||||||||||||||||spa|d
082 0 4 |a 863  |b UNA  |2 21 
100 0 |a Unamuno, Miguel de  |e author  |9 312478 
245 1 0 |a Paz en la guerra 
250 |a 3a. ed 
300 |a 329 p 
942 |c BK 
945 |d 19951116 00:00:00  |a rleighto 
260 |a Madrid  |b Renacimiento  |c 1931 
650 0 |a Novelas españolas  |9 265052 
583 |a last modification  |c 19951116 00:00:00  |k Rodrigo Vera 
999 |c 241357  |d 241355 
952 |0 0  |1 0  |4 0  |6 863_000000000000000_UNA_1931  |7 0  |8 A  |9 253656  |a BIBEDU  |b BIBEDU  |d 2019-11-19  |i 3152065  |o 863 UNA 1931  |p 3152065  |r 2019-11-19  |w 2019-11-19  |y BK  |k LIT